| 000 | 00597nam a2200181 i 4500 | ||
|---|---|---|---|
| 001 | 31266 | ||
| 003 | ES-MaACL | ||
| 005 | 20230906154340.0 | ||
| 007 | t| | ||
| 008 | 030128s1967 sp ||||1| spa d | ||
| 100 | 1 |
_aBeiras, Xosé Manuel. _927079 |
|
| 245 | 1 | 3 |
_aEl problema del desarrollo en la Galicia rural / _cJosé Manuel Beiras. |
| 260 |
_a[Vigo] : _bGalaxia, _c1967. |
||
| 300 |
_a226 p. ; _c23 cm. |
||
| 500 | _aPrecede al tít.: Fundación Penzol. Seminario de estudios económicos, jurídicos y sociales. | ||
| 710 | 2 |
_aFundación Penzol. _94389 |
|
| 852 |
_aES-MaACL _jG-8439 _bR.65055 |
||
| 999 |
_c31266 _d31266 |
||